00322nam a2200121 a 450000500170000000800410001705000180005810000220007624500400009825000060013826000350014444000210017920140414132105.0100901s19uu xx 00 eng d aFICbSt5 2009 aStilton, Geronimo aThea Stilton and the dragon's code. a  aNew York :bScholastic,c2009. aGeronimo Stilton